Desarrollo de un microscopio de efecto túnel

Na minha lista:
Detalhes bibliográficos
Autor principal: Arrieta Navarro, José Pablo
Formato: Livro
Publicado em: [San José, Costa Rica] 2010
Assuntos:
Tags: Adicionar Tag
Sem tags, seja o primeiro a adicionar uma tag!

MARC

LEADER 00000nam a2200000Ia 4500
003 010063
005 20221231144033.0
008 140114s2010 cr a 000 ||s d
040 |c cru CEDI 
090 |a TFG 6233 
100 |a Arrieta Navarro, José Pablo  |9 2872 
245 |a Desarrollo de un microscopio de efecto túnel  
260 |c 2010  |b [San José, Costa Rica] 
500 |a Proyecto de graduación (bachillerato en ingeniería eléctrica)--Universidad de Costa Rica. Facultad de Ingeniería. Escuela de Ingeniería Eléctrica, 2010 "IE - 0502 Proyecto Eléctrico" 
650 |x MICROSCOPIOS ELECTRONICOS   |x  EFECTO TUNEL (FISICA)  |x PROCESAMIENTO DIGITAL DE IMAGENES   |9 2873 
942 |c TFG 
999 |c 15970  |d 15970